[Event "BCF-ch U12"]
[Site "Hull"]
[Date "2018.08.03"]
[Round "6"]
[White "Kolani, Arjun"]
[Black "Orgler, Lukas H"]
[Result "1-0"]
[WhiteElo "1477"]
[BlackElo "1449"]
[PlyCount "55"]
[EventDate "2018.07.29"]
[EventType "swiss"]
[EventRounds "7"]
[EventCountry "ENG"]
[SourceTitle "CBM 186 Extra"]
[Source "ChessBase"]
[SourceDate "2018.08.24"]
[SourceVersion "1"]
[SourceVersionDate "2018.08.24"]
[SourceQuality "1"]

1. e4 b6 2. d4 Bb7 3. Bd3 e6 4. Nf3 Nf6 5. Qe2 d5 6. Nbd2 c5 7. c3 Be7 8. e5 Nfd7 9. a3 c4 10. Bc2 Nc6 11. Nf1 a5 12. a4 Qc7 13. N3d2 Nf8 14. Nb1 Qd8 15. Na3 Na7 16. f4 Bc8 17. Ne3 g6 18. g4 Nd7 19. f5 Bf8 20. fxe6 fxe6 21. h4 Bg7 22. g5 0-0 23. Ng4 Qe8 24. Qh2 Qf7 25. Nf6+ Bxf6 26. gxf6 h5 27. Rg1 Kh7 28. Qf4 1-0

[Event "BCF-chT4S 1617 (4NCL)"]
[Site "England"]
[Date "2017.03.19"]
[Round "8.126"]
[White "Orgler, Lukas H"]
[Black "Johnson, Elizabeth"]
[Result "1-0"]
[WhiteElo "1420"]
[BlackElo "1416"]
[PlyCount "119"]
[EventDate "2016.11.26"]
[EventType "team-swiss"]
[EventRounds "11"]
[EventCountry "ENG"]
[SourceTitle "EXT 2019"]
[Source "ChessBase"]
[SourceDate "2018.10.10"]
[SourceVersion "1"]
[SourceVersionDate "2018.10.10"]
[SourceQuality "1"]
[WhiteTeam "Barnet Knights III"]
[BlackTeam "Wood Green III"]
[WhiteTeamCountry "ENG"]
[BlackTeamCountry "ENG"]

1. e4 c6 2. d4 d5 3. exd5 cxd5 4. c4 e6 5. Nf3 Nc6 6. cxd5 exd5 7. Bb5 Qa5+ 8. Nc3 Bb4 9. Bxc6+ bxc6 10. Bd2 Ne7 11. 0-0 0-0 12. a3 Bd6 13. Ne4 Qc7 14. Nxd6 Qxd6 15. Bb4 Qc7 16. Rc1 Bb7 17. Re1 Rfe8 18. Qe2 Kf8 19. Qd3 g6 20. Qe3 f6 21. Qe6 f5 22. Ng5 Kg7 23. Bxe7 Rxe7 24. Qxe7+ Qxe7 25. Rxe7+ Kf6 26. Rxb7 Kxg5 27. Rxh7 Rb8 28. Rb1 a5 29. Rc7 Rb6 30. g3 f4 31. Kg2 Kg4 32. f3+ Kg5 33. g4 a4 34. Ra7 Rb3 35. Rxa4 Rd3 36. Rf1 Rb3 37. Rb4 Re3 38. Kf2 Kh4 39. Rb8 Rd3 40. Ke2 Rxd4 41. Rc1 Kh3 42. Rxc6 Kxh2 43. Rxg6 Rc4 44. Kd3 Kg3 45. Rd6 Kxf3 46. Rxd5 Rc1 47. Kd2 Rg1 48. Rg5 Kg3 49. Rb3+ f3 50. Rf5 Rf1 51. Rbxf3+ Rxf3 52. Rxf3+ Kxf3 53. g5 Kf4 54. g6 Kf5 55. g7 Ke6 56. g8Q+ Ke7 57. Qg6 Kf8 58. Qh7 Ke8 59. Kd3 Kf8 60. Ke4 1-0

[Event "BCF-chT4S 1617 (4NCL)"]
[Site "England"]
[Date "2017.03.18"]
[Round "7.113"]
[White "Orgler, Lukas H"]
[Black "Angelopoulos, Andreas"]
[Result "1-0"]
[WhiteElo "1420"]
[BlackElo "1187"]
[PlyCount "133"]
[EventDate "2016.11.26"]
[EventType "team-swiss"]
[EventRounds "11"]
[EventCountry "ENG"]
[SourceTitle "EXT 2019"]
[Source "ChessBase"]
[SourceDate "2018.10.10"]
[SourceVersion "1"]
[SourceVersionDate "2018.10.10"]
[SourceQuality "1"]
[WhiteTeam "Barnet Knights III"]
[BlackTeam "Barnet Knights IV"]
[WhiteTeamCountry "ENG"]
[BlackTeamCountry "ENG"]

1. e4 c6 2. d4 d5 3. exd5 cxd5 4. Bd3 Nf6 5. Ne2 Ne4 6. f3 Nd6 7. 0-0 Bf5 8. Bf4 Bxd3 9. Qxd3 e6 10. Nd2 Nc6 11. c3 Nf5 12. Ng3 Bd6 13. Bxd6 Nxd6 14. Rfe1 0-0 15. Re2 Ne7 16. Rae1 Ng6 17. Rf2 Nf4 18. Qf1 Qg5 19. Rd1 h5 20. Kh1 h4 21. Ne2 Nd3 22. f4 Nxf2+ 23. Qxf2 Qg4 24. h3 Qh5 25. Re1 Ne4 26. Nxe4 dxe4 27. Ng1 f5 28. c4 Rfd8 29. b4 Rd7 30. c5 g5 31. b5 gxf4 32. Qxf4 Kh7 33. Qe5 Qg6 34. c6 bxc6 35. bxc6 Rd5 36. Qc7+ Qg7 37. Qxg7+ Kxg7 38. Rb1 Rxd4 39. Rb7+ Kf6 40. c7 Rc4 41. Rb8 Rxc7 42. Rxa8 e5 43. Rf8+ Rf7 44. Rh8 Kg5 45. Re8 Kf6 46. Rh8 Rd7 47. Rf8+ Ke6 48. Re8+ Kd5 49. Ne2 f4 50. Kg1 e3 51. Kf1 Kc4 52. Rc8+ Kb4 53. Ke1 Rd2 54. Rb8+ Ka3 55. Rb7 Rxa2 56. Rxa7+ Kb2 57. Rxa2+ Kxa2 58. Nc1+ Kb1 59. Nd3 Kc2 60. Nxe5 Kc3 61. Ke2 Kd4 62. Nf3+ Ke4 63. Nxh4 Ke5 64. Nf3+ Ke4 65. Ng1 Kf5 66. Kf3 Ke5 67. Ne2 1-0

[Event "BCF-chT4S 1617 (4NCL)"]
[Site "England"]
[Date "2017.02.11"]
[Round "5.203"]
[White "Orgler, Lukas H"]
[Black "Froom, Oliver"]
[Result "0-1"]
[WhiteElo "1420"]
[BlackElo "1943"]
[PlyCount "120"]
[EventDate "2016.11.26"]
[EventType "team-swiss"]
[EventRounds "11"]
[EventCountry "ENG"]
[SourceTitle "EXT 2019"]
[Source "ChessBase"]
[SourceDate "2018.10.10"]
[SourceVersion "1"]
[SourceVersionDate "2018.10.10"]
[SourceQuality "1"]
[WhiteTeam "Barnet Knights III"]
[BlackTeam "The Pitstop"]
[WhiteTeamCountry "ENG"]
[BlackTeamCountry "ENG"]

1. e4 c5 2. c3 d5 3. exd5 Qxd5 4. d4 cxd4 5. Qxd4 Qxd4 6. cxd4 Nc6 7. Bb5 Bd7 8. Ne2 Nf6 9. a3 g6 10. Nbc3 Bg7 11. h3 0-0 12. 0-0 Rfd8 13. Be3 a6 14. Ba4 b5 15. Bb3 Na5 16. Ba2 Rac8 17. Rac1 Nc4 18. Bxc4 Rxc4 19. Na2 Rdc8 20. Rxc4 Rxc4 21. Rc1 Rxc1+ 22. Naxc1 Nd5 23. Nb3 e5 24. Nc5 Bc8 25. Kf1 a5 26. Ke1 Kf8 27. Kd2 Ke7 28. Kd3 Bf5+ 29. Kd2 Bc8 30. Kd3 Kd6 31. Ne4+ Ke7 32. Nc5 f5 33. Bg5+ Kd6 34. f3 a4 35. Bd2 exd4 36. Bb4 Nxb4+ 37. axb4 Kd5 38. g3 g5 39. f4 h6 40. h4 gxh4 41. gxh4 Bf6 42. h5 Be7 43. Nxd4 Bxc5 44. bxc5 Kxc5 45. Nf3 Be6 46. Nd4 Bd7 47. Nf3 b4 48. Nh4 Kd5 49. Ng6 Bb5+ 50. Kc2 Be2 51. Ne7+ Ke4 52. Ng8 Kxf4 53. Nxh6 Bxh5 54. Kd3 Kg5 55. Ng8 f4 56. Ne7 f3 57. Nd5 f2 58. Ne3 Kf4 59. Nf1 Bf7 60. Ke2 Bc4+ 0-1

[Event "BCF-ch U10"]
[Site "Bournemouth"]
[Date "2016.07.29"]
[Round "6"]
[White "Saidmurodov, Shahjahon"]
[Black "Orgler, Lukas H"]
[Result "1-0"]
[WhiteElo "1436"]
[BlackElo "1097"]
[PlyCount "43"]
[EventDate "2016.07.26"]
[EventType "swiss"]
[EventRounds "7"]
[EventCountry "ENG"]
[SourceTitle "CBM 173 Extra"]
[Source "ChessBase"]
[SourceDate "2016.08.29"]
[SourceVersion "1"]
[SourceVersionDate "2016.08.29"]
[SourceQuality "1"]

1. e4 e5 2. Nf3 Nf6 3. Nxe5 d6 4. Nf3 Nxe4 5. d3 Nf6 6. d4 d5 7. c4 c6 8. cxd5 cxd5 9. Nc3 Bg4 10. Be2 Be7 11. Bg5 Nbd7 12. h3 Be6 13. 0-0 0-0 14. Rc1 Rc8 15. Ne5 h6 16. Bxf6 Bxf6 17. f4 Bxe5 18. fxe5 f6 19. Bg4 Bf7 20. e6 Rc7 21. exf7+ Rxf7 22. Be6 1-0

[Event "BCF-ch U10"]
[Site "Bournemouth"]
[Date "2016.07.27"]
[Round "3"]
[White "Orgler, Lukas H"]
[Black "Huang, Henry"]
[Result "1/2-1/2"]
[WhiteElo "1097"]
[BlackElo "1383"]
[PlyCount "203"]
[EventDate "2016.07.26"]
[EventType "swiss"]
[EventRounds "7"]
[EventCountry "ENG"]
[SourceTitle "CBM 173 Extra"]
[Source "ChessBase"]
[SourceDate "2016.08.29"]
[SourceVersion "1"]
[SourceVersionDate "2016.08.29"]
[SourceQuality "1"]

1. e4 e6 2. d4 d5 3. exd5 exd5 4. Bd3 Bd6 5. c3 Ne7 6. Ne2 Bf5 7. Bxf5 Nxf5 8. Qd3 Ne7 9. 0-0 0-0 10. Re1 c6 11. Bf4 Qc7 12. Bxd6 Qxd6 13. Nd2 Nd7 14. Nf3 Ng6 15. b3 Nf6 16. Ng3 Nf4 17. Qd2 Rfe8 18. Nf5 Qc7 19. Ne5 Ng6 20. Nxg6 fxg6 21. Ng3 Rf8 22. Re2 Rae8 23. Rae1 c5 24. Rxe8 Nxe8 25. Re5 Nf6 26. Qe3 Ng4 27. Re7 Qc8 28. Qe6+ Qxe6 29. Rxe6 cxd4 30. cxd4 Rxf2 31. h3 Rf6 32. Re7 Nh6 33. Rxb7 Rf7 34. Rxf7 Kxf7 35. Kf2 Nf5 36. Nxf5 gxf5 37. Ke3 Ke6 38. b4 g5 39. g3 Kd6 40. a4 Kc6 41. Kf3 a6 42. h4 h6 43. Ke3 Kb6 44. Kd3 Kc6 45. Ke3 Kd6 46. Kf3 Kc6 47. Ke3 Kb6 48. Kd3 Kc6 49. Ke3 a5 50. b5+ Kb6 51. Kd3 Kb7 52. Kc3 Kb6 53. Kd3 Kb7 54. Ke3 Kb6 55. Kf3 Kb7 56. Ke3 Kb6 57. Kd3 Kb7 58. Kc3 Kb6 59. Kd3 Kb7 60. Kc3 Kc7 61. Kd3 Kb7 62. Ke3 Kb6 63. Kf3 Ka7 64. Ke3 Kb7 65. Kd3 Ka7 66. Ke3 Kb8 67. Kf3 Kc8 68. h5 Kc7 69. Kg2 Kb6 70. Kf2 Kb7 71. Ke3 Ka8 72. Kd3 Kb8 73. Kc3 Ka7 74. Kd3 Kb6 75. Kc3 Kc7 76. Kd3 Kd6 77. Ke3 Ke7 78. Kf3 Kd7 79. Ke3 Kd8 80. Kd3 Kc8 81. Kc3 Kb7 82. Kd2 Ka7 83. Ke3 Ka8 84. Kf3 Kb7 85. Ke3 Kb6 86. Kf3 Kc7 87. Ke3 Kd7 88. Kd3 Ke7 89. Ke3 Ke6 90. Kf3 Kd6 91. Ke3 Kc7 92. Kd3 Kb7 93. Kc3 Kc8 94. Kd3 Kb8 95. Ke2 Ka7 96. Kf3 Kb6 97. Ke2 Kc7 98. Ke1 Kd8 99. Ke2 Kc8 100. Kd3 Kb7 101. Kc3 Ka7 102. Kd3 1/2-1/2